Name the Disney Princess - Statistics

General Stats
  • This quiz has been taken 339 times
  • The average score is 8 of 13
Answer Stats
Hint Answer % Correct
glass slipper cinderella
98%
drawfs snow white
96%
has ice powers elsa
70%
long blonde hair rapunzel
64%
can swim ariel
63%
a beast belle
62%
has a pet tiger jasmine
61%
has a bow and arrow merida
61%
has a frog prince tiana
59%
had a frozen heart anna
57%
pretends shes a man mulan
57%
met john pocahantas
6%
fairy godmothers aroura
5%
No matching quizzes found
Score Distribution
Percent of People with Each Score
Percentile by Number Answered
Your Score History
You have not taken this quiz